Papers on African literature (Record no. 11801)
[ view plain ]
| 000 -LEADER | |
|---|---|
| fixed length control field | 00557 a2200133 4500 |
| 245 ## - TITLE STATEMENT | |
| Title | Papers on African literature |
| Remainder of title | : given at the seminar series on African art and literature, Sheffield University, 1975-6 |
| Medium | |
| 650 ## - SUBJECT ADDED ENTRY--TOPICAL TERM | |
| Topical term or geographic name entry element | African art and literature |
| 260 ## - PUBLICATION, DISTRIBUTION, ETC. | |
| Place of publication, distribution, etc. | enk |
| Name of publisher, distributor, etc. | Department of English Literature, The University |
| Date of publication, distribution, etc. | 1976 |
| 084 ## - | |
| -- | PL8010 .P28 |
| 300 ## - PHYSICAL DESCRIPTION | |
| Extent | vii, 127 p. |
| Other physical details | 22 cm. |
| Dimensions | vii, 127 p. ; 22 cm. |
| 500 ## - GENERAL NOTE | |
| General note | edited by Christopher Heywood. |
| 490 ## - SERIES STATEMENT | |
| Series statement | Sheffield papers on literature and society ; 1 |
No items available.